000 00357nam a2200145 i 4500
001 bg
100 1 _aHANG, E. J.
245 0 _aMechanical and structural systems /
_cE.J. Hang, S. Arora Jasbir.
260 _aNew York,
_c1979.
700 1 _aARORA JASBIR, S.
040 _cBPK
041 _apol
942 _cKS
008 s pl f |000 0 pol
999 _c21088
_d21088
856 _uhttp://koha.tu.koszalin.pl/cgi-bin/koha/opac-detail.pl?biblionumber=21088
_yKatalog online BPK